Ser danzaterapeuta hoy / (Record no. 146731)

MARC details
000 -CABECERA
campo de control de longitud fija 00631nam a2200205 u 4500
005 - FECHA Y HORA DE LA ÚLTIMA TRANSACCIÓN
campo de control 20210223131220.0
008 - ELEMENTOS DE LONGITUD FIJA--INFORMACIÓN GENERAL
campo de control de longitud fija 100211s2007 r 000 0 eng d
020 ## - NÚMERO INTERNACIONAL NORMALIZADO PARA LIBROS
Número Internacional Estándar del Libro 9789870006923
035 ## - NÚMERO DE CONTROL DEL SISTEMA
Número de control de sistema UPN01000174627
049 ## - COLECCIÓN
Colección CG
050 #4 - SIGNATURA TOPOGRÁFICA DE LA BIBLIOTECA DEL CONGRESO
Número de clasificación RC489 D3
Número de documento/Ítem F8.7
100 1# - ASIENTO PRINCIPAL--NOMBRE PERSONAL
Nombre de persona Fux, María
245 10 - MENCIÓN DE TÍTULO
Título Ser danzaterapeuta hoy /
Mención de responsabilidad, etc. María Fux.
260 ## - PUBLICACIÓN, DISTRIBUCIÓN, ETC.
Lugar de publicación, distribución, etc. Buenos Aires :
Nombre del editor, distribuidor, etc. Lumen,
Fecha de publicación, distribución, etc. 2007.
300 ## - DESCRIPCIÓN FÍSICA
Extensión 119 p :
Otras características físicas il. +
Material acompañante/anejo 1 DVD ; (120 min.) : son., HTX, col. ; 4 3/4 plg.
440 #0 - MENCIÓN DE SERIE/ASIENTO SECUNDARIO--TÍTULO
Título Cuerpo, arte y salud.
Nombre de parte o sección de la obra Roja
500 ## - NOTA GENERAL
Nota general Solicita el CD-ROM en el Mostrador de Préstamo
650 #4 - ASIENTO SECUNDARIO DE MATERIA - TERMINO TEMATICO
Término de materia o nombre geográfico como elemento de entrada DANZA COMO TERAPIA
9 (RLIN) 4169
905 ## - TIPO DE MATERIAL
Tipo de material Libro
Holdings
Estado de retiro Estado de pérdida Fuente del sistema de clasificación o colocación Estado dañado No para préstamo Código de colección Localización permanente Ubicación/localización actual Ubicación en estantería Total de préstamos Clasificación Código de barras Fecha visto por última vez Número de copia Tipo de ítem Koha Fecha de adquisición Precio válido a partir de Nota pública
    Library of Congress Classification     Colección General Bib. Gregorio Torres Quintero Bib. Gregorio Torres Quintero Planta baja 4 RC489 D3 F8.7 272189 28/09/2021 1 Libro      
    Library of Congress Classification     Colección General Bib. Gregorio Torres Quintero Bib. Gregorio Torres Quintero Planta baja 3 RC489 D3 F8.7 272190 06/04/2022 1 Libro 06/04/2022    
    Library of Congress Classification     Materiales complementarios y otros recursos electrónicos  Bib. Gregorio Torres Quintero Bib. Gregorio Torres Quintero Mostrador de préstamo Planta baja   RC489 D3 F8.7 339665 12/08/2024 Ej.2 Disco Compacto 12/08/2024 12/08/2024 Solicítalo en el mostrador de préstamo